000 00576nam a2200229 a 4500
999 _c6883
_d6883
001 6883
003 BD-JhCC
005 20180131171005.0
008 180131s1962 enka|||| |||| 000 0 eng d
035 _a(BD-JhCC)6883
040 _aBD-JhCC
_dBD-JhCC
041 _aeng
082 _a823.91
_bLOU 1962
100 _aLouw, Juliet Marais
245 _aThe Red Flower Mystery /
_cJuliet Marais Louw,
260 _aLondon :
_bCollins,
_c1962.
300 _a188 p. :
_c18 cm.
600 _aLouw, Juliet Marais
650 _aEnglish Fiction
942 _2ddc
_cBK